[Event "ODJM A 2025"]
[Site "Willingen GER"]
[Date "2025.06.08"]
[Round "2"]
[White "Theisen, Johannes"]
[Black "Vollmar, Timo"]
[Result "1/2-1/2"]
[Termination "normal"]
[Board "18"]
[WhiteElo "1831"]
[BlackElo "1885"]
[WhiteClock "00:19:47"]
[BlackClock "00:34:11"]
[PlyCount "98"]
[WhiteFideId "16255526"]
[BlackFideId "16253582"]
[EventCountry "GER"]
[EventRounds "9"]
[EventType "swiss"]
[EventDate "2025.06.07"]

1. e4 {[%clk 01:30:57]} {[%emt 00:00:04]} c5 {[%clk 01:30:46]} {[%emt
00:00:15]} 2. Nf3 {[%clk 01:31:21]} {[%emt 00:00:03]} Nc6 {[%clk 01:31:10]}
{[%emt 00:00:07]} 3. Bb5 {[%clk 01:31:45]} {[%emt 00:00:07]} Nf6 {[%clk
01:31:24]} {[%emt 00:00:15]} 4. Bxc6 {[%clk 01:32:05]} {[%emt 00:00:10]} dxc6
{[%clk 01:31:17]} {[%emt 00:00:37]} 5. d3 {[%clk 01:32:22]} {[%emt 00:00:12]}
g6 {[%clk 01:30:14]} {[%emt 00:01:34]} 6. h3 {[%clk 01:32:36]} {[%emt
00:00:16]} Bg7 {[%clk 01:29:27]} {[%emt 00:01:17]} 7. Nc3 {[%clk 01:32:53]}
{[%emt 00:00:13]} O-O {[%clk 01:25:58]} {[%emt 00:03:59]} 8. O-O {[%clk
01:31:48]} {[%emt 00:01:35]} Qc7 {[%clk 01:19:30]} {[%emt 00:06:57]} 9. Be3
{[%clk 01:30:11]} {[%emt 00:02:08]} b6 {[%clk 01:19:30]} {[%emt 00:00:30]} 10.
Qd2 {[%clk 01:29:36]} {[%emt 00:01:04]} e5 {[%clk 01:17:48]} {[%emt 00:02:12]}
11. Bh6 {[%clk 01:28:05]} {[%emt 00:02:01]} Ne8 {[%clk 01:16:18]} {[%emt
00:02:00]} 12. Bxg7 {[%clk 01:19:30]} {[%emt 00:09:05]} Nxg7 {[%clk 01:15:36]}
{[%emt 00:01:11]} 13. Rae1 {[%clk 01:15:12]} {[%emt 00:04:50]} Ne6 {[%clk
01:10:28]} {[%emt 00:05:37]} 14. Ne2 {[%clk 01:05:02]} {[%emt 00:10:39]} f6
{[%clk 01:07:27]} {[%emt 00:03:32]} 15. b3 {[%clk 00:57:53]} {[%emt 00:07:40]}
Qg7 {[%clk 00:59:20]} {[%emt 00:08:36]} 16. Nh2 {[%clk 00:50:02]} {[%emt
00:08:21]} g5 {[%clk 00:57:37]} {[%emt 00:02:13]} 17. Ng4 {[%clk 00:18:20]}
{[%emt 00:32:12]} Nf4 {[%clk 00:51:28]} {[%emt 00:06:39]} 18. Ne3 {[%clk
00:12:45]} {[%emt 00:06:05]} Kh8 {[%clk 00:44:37]} {[%emt 00:07:19]} 19. Nf5
{[%clk 00:09:00]} {[%emt 00:04:17]} Bxf5 {[%clk 00:43:03]} {[%emt 00:02:03]}
20. exf5 {[%clk 00:09:29]} {[%emt 00:00:01]} Qd7 {[%clk 00:41:15]} {[%emt
00:02:18]} 21. Nxf4 {[%clk 00:09:28]} {[%emt 00:00:32]} gxf4 {[%clk 00:41:14]}
{[%emt 00:00:31]} 22. g4 {[%clk 00:09:02]} {[%emt 00:00:55]} Rg8 {[%clk
00:40:01]} {[%emt 00:01:41]} 23. f3 {[%clk 00:08:03]} {[%emt 00:01:31]} Qxf5
{[%clk 00:39:30]} {[%emt 00:01:00]} 24. Kh2 {[%clk 00:06:58]} {[%emt 00:01:36]}
Qg5 {[%clk 00:38:57]} {[%emt 00:01:03]} 25. Qf2 {[%clk 00:06:30]} {[%emt
00:00:58]} Rad8 {[%clk 00:34:27]} {[%emt 00:05:00]} 26. a4 {[%clk 00:03:57]}
{[%emt 00:03:04]} a5 {[%clk 00:34:28]} {[%emt 00:00:28]} 27. h4 {[%clk
00:02:00]} {[%emt 00:02:28]} Qg7 {[%clk 00:33:55]} {[%emt 00:01:01]} 28. Kh3
{[%clk 00:01:53]} {[%emt 00:00:38]} Qd7 {[%clk 00:29:17]} {[%emt 00:05:07]} 29.
Kh2 {[%clk 00:00:38]} {[%emt 00:01:46]} Qd6 {[%clk 00:28:17]} {[%emt 00:01:30]}
30. Qe2 {[%clk 00:00:33]} {[%emt 00:00:36]} Rde8 {[%clk 00:27:40]} {[%emt
00:01:06]} 31. Qe4 {[%clk 00:00:46]} {[%emt 00:00:17]} Rg6 {[%clk 00:27:23]}
{[%emt 00:00:47]} 32. Re2 {[%clk 00:00:45]} {[%emt 00:00:32]} Qd8 {[%clk
00:27:10]} {[%emt 00:00:42]} 33. Kh3 {[%clk 00:00:37]} {[%emt 00:00:39]} Qd7
{[%clk 00:24:17]} {[%emt 00:03:22]} 34. Rh1 {[%clk 00:00:34]} {[%emt 00:00:33]}
Reg8 {[%clk 00:24:07]} {[%emt 00:00:39]} 35. Kh2 {[%clk 00:00:41]} {[%emt
00:00:24]} Re8 {[%clk 00:15:26]} {[%emt 00:09:11]} 36. Kh3 {[%clk 00:00:33]}
{[%emt 00:00:38]} f5 {[%clk 00:13:42]} {[%emt 00:02:15]} 37. Qxf5 {[%clk
00:00:34]} {[%emt 00:00:29]} Qxf5 {[%clk 00:14:06]} {[%emt 00:00:05]} 38. gxf5
{[%clk 00:01:02]} {[%emt 00:00:02]} Rg3+ {[%clk 00:14:04]} {[%emt 00:00:31]}
39. Kh2 {[%clk 00:01:29]} {[%emt 00:00:03]} Kg7 {[%clk 00:13:42]} {[%emt
00:00:53]} 40. Rg1 {[%clk 00:00:49]} {[%emt 00:01:10]} Rxg1 {[%clk 00:13:57]}
{[%emt 00:00:14]} 41. Kxg1 {[%clk 00:01:12]} {[%emt 00:00:08]} Kf6 {[%clk
00:14:18]} {[%emt 00:00:09]} 42. Rg2 {[%clk 00:00:53]} {[%emt 00:00:50]} Re7
{[%clk 00:14:02]} {[%emt 00:00:46]} 43. Rg8 {[%clk 00:22:16]} {[%emt 00:09:06]}
Kxf5 {[%clk 00:34:16]} {[%emt 00:10:17]} 44. Rb8 {[%clk 00:21:48]} {[%emt
00:00:57]} Rg7+ {[%clk 00:34:01]} {[%emt 00:00:44]} 45. Kf2 {[%clk 00:21:21]}
{[%emt 00:00:56]} Rg3 {[%clk 00:32:35]} {[%emt 00:01:56]} 46. Rxb6 {[%clk
00:19:08]} {[%emt 00:02:44]} Rh3 {[%clk 00:33:00]} {[%emt 00:00:05]} 47. Kg2
{[%clk 00:18:56]} {[%emt 00:00:41]} Rg3+ {[%clk 00:33:23]} {[%emt 00:00:08]}
48. Kf2 {[%clk 00:19:20]} {[%emt 00:00:06]} Rh3 {[%clk 00:33:47]} {[%emt
00:00:05]} 49. Kg2 {[%clk 00:19:47]} {[%emt 00:00:03]} Rg3+ {[%clk 00:34:11]}
{[%emt 00:00:08]} 1/2-1/2

[Event "ODJM A 2025"]
[Site "Willingen GER"]
[Date "2025.06.08"]
[Round "2"]
[White "Ye, Philipp"]
[Black "Ellinger, Maximilian"]
[Result "1/2-1/2"]
[Termination "normal"]
[Board "19"]
[WhiteElo "1863"]
[BlackElo "2039"]
[WhiteClock "00:46:34"]
[BlackClock "00:21:54"]
[PlyCount "42"]
[WhiteFideId "34646787"]
[BlackFideId "34631003"]
[EventCountry "GER"]
[EventRounds "9"]
[EventType "swiss"]
[EventDate "2025.06.07"]

1. d4 {[%clk 01:30:54]} {[%emt 00:00:06]} Nf6 {[%clk 01:30:43]} {[%emt
00:00:17]} 2. Bg5 {[%clk 01:30:34]} {[%emt 00:00:52]} d5 {[%clk 01:30:21]}
{[%emt 00:00:51]} 3. e3 {[%clk 01:30:54]} {[%emt 00:00:09]} Ne4 {[%clk
01:25:25]} {[%emt 00:05:27]} 4. Bf4 {[%clk 01:31:06]} {[%emt 00:00:17]} c5
{[%clk 01:16:39]} {[%emt 00:09:16]} 5. Nd2 {[%clk 01:30:58]} {[%emt 00:00:38]}
Nxd2 {[%clk 01:15:10]} {[%emt 00:02:00]} 6. Qxd2 {[%clk 01:31:20]} {[%emt
00:00:06]} Nc6 {[%clk 01:14:19]} {[%emt 00:01:22]} 7. Nf3 {[%clk 01:23:59]}
{[%emt 00:07:50]} e6 {[%clk 01:09:44]} {[%emt 00:05:06]} 8. c3 {[%clk
01:19:46]} {[%emt 00:04:42]} Bd6 {[%clk 01:07:10]} {[%emt 00:03:05]} 9. Bg3
{[%clk 01:18:46]} {[%emt 00:01:30]} O-O {[%clk 01:03:20]} {[%emt 00:04:17]} 10.
Ne5 {[%clk 01:13:37]} {[%emt 00:05:41]} Bxe5 {[%clk 00:53:49]} {[%emt
00:10:02]} 11. dxe5 {[%clk 01:10:02]} {[%emt 00:04:05]} b6 {[%clk 00:47:07]}
{[%emt 00:07:12]} 12. Bd3 {[%clk 01:07:33]} {[%emt 00:02:58]} a5 {[%clk
00:46:53]} {[%emt 00:00:44]} 13. Qe2 {[%clk 01:06:20]} {[%emt 00:01:44]} h6
{[%clk 00:44:04]} {[%emt 00:03:19]} 14. O-O {[%clk 01:04:07]} {[%emt 00:02:42]}
a4 {[%clk 00:41:24]} {[%emt 00:03:11]} 15. a3 {[%emt 00:09:19]} Bb7 {[%clk
00:36:34]} {[%emt 00:04:30]} 16. Rad1 {[%clk 00:53:01]} {[%emt 00:03:36]} Qc8
{[%clk 00:33:49]} {[%emt 00:03:15]} 17. e4 {[%clk 00:49:21]} {[%emt 00:04:10]}
Ne7 {[%clk 00:27:45]} {[%emt 00:06:35]} 18. Bh4 {[%clk 00:45:47]} {[%emt
00:04:03]} Ng6 {[%clk 00:25:28]} {[%emt 00:02:47]} 19. Bg3 {[%clk 00:45:58]}
{[%emt 00:00:19]} dxe4 {[%clk 00:25:24]} {[%emt 00:00:35]} 20. Bxe4 {[%clk
00:46:12]} {[%emt 00:00:17]} Bxe4 {[%clk 00:24:13]} {[%emt 00:01:41]} 21. Qxe4
{[%clk 00:46:34]} {[%emt 00:00:07]} Rd8 {[%clk 00:21:54]} {[%emt 00:02:48]}
1/2-1/2

[Event "ODJM A 2025"]
[Site "Willingen GER"]
[Date "2025.06.08"]
[Round "2"]
[White "Weeke, Tom"]
[Black "Ruddat, Jarne"]
[Result "0-1"]
[Termination "normal"]
[Board "20"]
[WhiteElo "1843"]
[BlackElo "1925"]
[WhiteClock "00:32:51"]
[BlackClock "00:17:54"]
[PlyCount "58"]
[WhiteFideId "34607080"]
[BlackFideId "16254236"]
[EventCountry "GER"]
[EventRounds "9"]
[EventType "swiss"]
[EventDate "2025.06.07"]

1. e4 {[%clk 01:30:51]} {[%emt 00:00:07]} e6 {[%clk 01:30:45]} {[%emt
00:00:16]} 2. d4 {[%clk 01:31:15]} {[%emt 00:00:06]} d5 {[%clk 01:31:11]}
{[%emt 00:00:05]} 3. e5 {[%clk 01:31:41]} {[%emt 00:00:03]} c5 {[%clk
01:31:36]} {[%emt 00:00:04]} 4. c3 {[%clk 01:32:07]} {[%emt 00:00:06]} Nc6
{[%clk 01:32:01]} {[%emt 00:00:03]} 5. Nf3 {[%clk 01:32:32]} {[%emt 00:00:04]}
Qb6 {[%clk 01:32:26]} {[%emt 00:00:07]} 6. a3 {[%clk 01:32:45]} {[%emt
00:00:16]} Nh6 {[%clk 01:32:42]} {[%emt 00:00:14]} 7. Bd3 {[%clk 01:32:26]}
{[%emt 00:00:49]} cxd4 {[%clk 01:32:45]} {[%emt 00:00:28]} 8. b4 {[%clk
01:32:08]} {[%emt 00:00:46]} Bd7 {[%clk 01:31:34]} {[%emt 00:01:42]} 9. O-O
{[%clk 01:31:08]} {[%emt 00:01:30]} Rc8 {[%clk 01:23:53]} {[%emt 00:08:11]} 10.
Bb2 {[%clk 01:26:19]} {[%emt 00:05:19]} dxc3 {[%clk 01:13:57]} {[%emt
00:10:26]} 11. Nxc3 {[%clk 01:26:30]} {[%emt 00:00:18]} a6 {[%clk 00:55:31]}
{[%emt 00:18:57]} 12. Rc1 {[%clk 01:22:20]} {[%emt 00:04:39]} Be7 {[%clk
00:51:04]} {[%emt 00:04:58]} 13. h3 {[%clk 01:15:40]} {[%emt 00:07:09]} f6
{[%clk 00:38:14]} {[%emt 00:13:21]} 14. Qe2 {[%clk 01:07:49]} {[%emt 00:08:20]}
O-O {[%clk 00:34:57]} {[%emt 00:03:46]} 15. exf6 {[%clk 01:02:11]} {[%emt
00:06:09]} Bxf6 {[%clk 00:34:37]} {[%emt 00:00:52]} 16. g4 {[%clk 00:59:57]}
{[%emt 00:02:44]} Nf7 {[%clk 00:32:57]} {[%emt 00:02:10]} 17. Na4 {[%clk
00:57:16]} {[%emt 00:03:10]} Qd8 {[%clk 00:31:35]} {[%emt 00:01:54]} 18. Bxf6
{[%clk 00:55:59]} {[%emt 00:01:45]} Qxf6 {[%clk 00:31:16]} {[%emt 00:00:50]}
19. Nc5 {[%clk 00:55:32]} {[%emt 00:00:58]} Nce5 {[%clk 00:28:31]} {[%emt
00:03:15]} 20. Nxe5 {[%clk 00:54:43]} {[%emt 00:01:18]} Nxe5 {[%clk 00:28:52]}
{[%emt 00:00:09]} 21. f4 {[%clk 00:44:46]} {[%emt 00:10:26]} Nxd3 {[%clk
00:28:38]} {[%emt 00:00:44]} 22. Qxd3 {[%clk 00:45:04]} {[%emt 00:00:12]} Bb5
{[%clk 00:28:28]} {[%emt 00:00:41]} 23. Qe3 {[%clk 00:43:10]} {[%emt 00:02:20]}
Bxf1 {[%clk 00:26:45]} {[%emt 00:02:17]} 24. Rxf1 {[%clk 00:41:12]} {[%emt
00:02:27]} Rfe8 {[%clk 00:26:04]} {[%emt 00:01:13]} 25. Rd1 {[%clk 00:39:08]}
{[%emt 00:02:32]} b6 {[%clk 00:22:50]} {[%emt 00:03:47]} 26. Na4 {[%clk
00:38:59]} {[%emt 00:00:35]} Rc4 {[%clk 00:21:38]} {[%emt 00:01:43]} 27. Nxb6
{[%clk 00:39:06]} {[%emt 00:00:23]} Rc3 {[%clk 00:18:13]} {[%emt 00:03:55]} 28.
Rd3 {[%clk 00:32:23]} {[%emt 00:07:13]} Rxd3 {[%clk 00:17:46]} {[%emt
00:00:57]} 29. Qxd3 {[%clk 00:32:51]} {[%emt 00:00:01]} Qxf4 {[%clk 00:17:54]}
{[%emt 00:00:23]} 0-1

[Event "ODJM A 2025"]
[Site "Willingen GER"]
[Date "2025.06.08"]
[Round "2"]
[White "Zweigait, Leon"]
[Black "Friedhoff, Mirco"]
[Result "1-0"]
[Termination "normal"]
[Board "21"]
[WhiteElo "1913"]
[BlackElo "1838"]
[WhiteClock "00:56:20"]
[BlackClock "00:48:24"]
[PlyCount "57"]
[WhiteFideId "16201388"]
[BlackFideId "16243447"]
[EventCountry "GER"]
[EventRounds "9"]
[EventType "swiss"]
[EventDate "2025.06.07"]

1. e4 {[%clk 01:30:57]} {[%emt 00:00:03]} e5 {[%clk 01:30:54]} {[%emt
00:00:06]} 2. Nf3 {[%clk 01:31:20]} {[%emt 00:00:10]} Nf6 {[%clk 01:31:20]}
{[%emt 00:00:01]} 3. d4 {[%clk 01:31:42]} {[%emt 00:00:08]} Nxe4 {[%clk
01:30:57]} {[%emt 00:00:54]} 4. Bd3 {[%clk 01:31:46]} {[%emt 00:00:26]} d5
{[%clk 01:29:30]} {[%emt 00:01:58]} 5. Nxe5 {[%clk 01:32:06]} {[%emt 00:00:10]}
Bd6 {[%clk 01:27:27]} {[%emt 00:02:32]} 6. Nc4 {[%clk 01:21:42]} {[%emt
00:10:54]} dxc4 {[%clk 01:20:05]} {[%emt 00:07:53]} 7. Bxe4 {[%clk 01:22:00]}
{[%emt 00:00:12]} Qh4 {[%clk 01:19:50]} {[%emt 00:00:44]} 8. Qf3 {[%clk
01:17:25]} {[%emt 00:05:05]} c6 {[%clk 01:14:59]} {[%emt 00:05:21]} 9. Nd2
{[%clk 01:11:19]} {[%emt 00:06:36]} Be6 {[%clk 01:08:52]} {[%emt 00:06:38]} 10.
d5 {[%clk 01:00:18]} {[%emt 00:11:30]} cxd5 {[%clk 01:00:26]} {[%emt 00:08:56]}
11. Bxd5 {[%clk 01:00:40]} {[%emt 00:00:08]} Bxd5 {[%clk 01:00:51]} {[%emt
00:00:05]} 12. Qxd5 {[%clk 01:01:02]} {[%emt 00:00:08]} Qe7+ {[%clk 01:01:18]}
{[%emt 00:00:03]} 13. Kd1 {[%clk 00:58:40]} {[%emt 00:02:52]} O-O {[%clk
01:00:32]} {[%emt 00:01:15]} 14. Re1 {[%clk 00:58:41]} {[%emt 00:00:29]} Qd7
{[%clk 00:59:11]} {[%emt 00:01:51]} 15. Nxc4 {[%clk 00:58:32]} {[%emt
00:00:39]} Rd8 {[%clk 00:51:17]} {[%emt 00:08:25]} 16. Nxd6 {[%clk 00:58:02]}
{[%emt 00:01:00]} Qxd6 {[%clk 00:51:41]} {[%emt 00:00:06]} 17. Re8+ {[%clk
00:58:09]} {[%emt 00:00:22]} Rxe8 {[%clk 00:51:44]} {[%emt 00:00:29]} 18. Qxd6
{[%clk 00:58:32]} {[%emt 00:00:08]} Nc6 {[%clk 00:52:11]} {[%emt 00:00:02]} 19.
Bd2 {[%clk 00:58:14]} {[%emt 00:00:49]} Rad8 {[%clk 00:52:36]} {[%emt
00:00:04]} 20. Qc5 {[%clk 00:53:41]} {[%emt 00:04:59]} Re5 {[%clk 00:52:44]}
{[%emt 00:00:26]} 21. Qc3 {[%clk 00:54:04]} {[%emt 00:00:07]} Red5 {[%clk
00:46:07]} {[%emt 00:07:08]} 22. Ke1 {[%clk 00:54:18]} {[%emt 00:00:15]} Rxd2
{[%clk 00:46:27]} {[%emt 00:00:10]} 23. Qxd2 {[%clk 00:54:41]} {[%emt
00:00:06]} Rxd2 {[%clk 00:46:55]} {[%emt 00:00:04]} 24. Kxd2 {[%clk 00:55:03]}
{[%emt 00:00:07]} Kf8 {[%clk 00:47:22]} {[%emt 00:00:03]} 25. Re1 {[%clk
00:55:11]} {[%emt 00:00:21]} f6 {[%clk 00:47:43]} {[%emt 00:00:10]} 26. Kc3
{[%clk 00:55:26]} {[%emt 00:00:15]} Kf7 {[%clk 00:48:05]} {[%emt 00:00:08]} 27.
Kc4 {[%clk 00:55:46]} {[%emt 00:00:09]} Ne5+ {[%clk 00:47:58]} {[%emt
00:00:37]} 28. Kd5 {[%clk 00:56:01]} {[%emt 00:00:16]} Ke7 {[%clk 00:48:24]}
{[%emt 00:00:03]} 29. f4 {[%clk 00:56:20]} {[%emt 00:00:11]} 1-0

[Event "ODJM A 2025"]
[Site "Willingen GER"]
[Date "2025.06.08"]
[Round "2"]
[White "Matthes, Benjamin"]
[Black "Meyer, Henry Paul"]
[Result "1-0"]
[Termination "normal"]
[Board "22"]
[WhiteElo "1981"]
[BlackElo "1841"]
[WhiteClock "00:16:09"]
[BlackClock "00:38:19"]
[PlyCount "87"]
[WhiteFideId "16227298"]
[BlackFideId "34645802"]
[EventCountry "GER"]
[EventRounds "9"]
[EventType "swiss"]
[EventDate "2025.06.07"]

1. e4 {[%clk 01:30:57]} {[%emt 00:00:02]} c5 {[%clk 01:30:54]} {[%emt
00:00:06]} 2. Nf3 {[%clk 01:31:22]} {[%emt 00:00:08]} d6 {[%clk 01:31:18]}
{[%emt 00:00:02]} 3. d4 {[%clk 01:31:48]} {[%emt 00:00:04]} cxd4 {[%clk
01:31:40]} {[%emt 00:00:07]} 4. Qxd4 {[%clk 01:32:13]} {[%emt 00:00:05]} Nc6
{[%clk 01:30:52]} {[%emt 00:01:17]} 5. Qd3 {[%clk 01:32:39]} {[%emt 00:00:06]}
g6 {[%clk 01:29:28]} {[%emt 00:01:52]} 6. Nc3 {[%clk 01:32:55]} {[%emt
00:00:15]} Bg7 {[%clk 01:29:11]} {[%emt 00:00:47]} 7. Be2 {[%clk 01:33:19]}
{[%emt 00:00:06]} Nf6 {[%clk 01:29:02]} {[%emt 00:00:38]} 8. O-O {[%clk
01:33:44]} {[%emt 00:00:06]} O-O {[%clk 01:28:50]} {[%emt 00:00:41]} 9. Nd5
{[%clk 01:34:11]} {[%emt 00:00:03]} Be6 {[%clk 01:16:27]} {[%emt 00:12:54]} 10.
c3 {[%clk 01:31:12]} {[%emt 00:03:30]} Rc8 {[%clk 01:09:49]} {[%emt 00:07:08]}
11. Bg5 {[%clk 01:28:57]} {[%emt 00:02:44]} Nd7 {[%clk 01:04:30]} {[%emt
00:05:49]} 12. Rfd1 {[%clk 01:16:23]} {[%emt 00:13:04]} h6 {[%clk 00:58:53]}
{[%emt 00:06:07]} 13. Bh4 {[%clk 01:12:47]} {[%emt 00:04:06]} g5 {[%clk
00:56:07]} {[%emt 00:03:15]} 14. Bg3 {[%clk 01:11:18]} {[%emt 00:01:59]} Nc5
{[%clk 00:51:03]} {[%emt 00:05:34]} 15. Qe3 {[%clk 01:01:21]} {[%emt 00:10:28]}
Bd7 {[%clk 00:36:01]} {[%emt 00:15:33]} 16. h4 {[%clk 00:41:02]} {[%emt
00:20:49]} g4 {[%clk 00:29:04]} {[%emt 00:07:26]} 17. Ne1 {[%clk 00:17:09]}
{[%emt 00:24:23]} b6 {[%clk 00:23:47]} {[%emt 00:05:48]} 18. Nf4 {[%clk
00:15:20]} {[%emt 00:02:18]} e5 {[%clk 00:20:42]} {[%emt 00:03:36]} 19. Nh5
{[%clk 00:12:24]} {[%emt 00:03:27]} Qe7 {[%clk 00:20:26]} {[%emt 00:00:44]} 20.
Bb5 {[%clk 00:04:34]} {[%emt 00:08:20]} a6 {[%clk 00:19:43]} {[%emt 00:01:13]}
21. Bd3 {[%clk 00:01:13]} {[%emt 00:03:51]} b5 {[%clk 00:16:58]} {[%emt
00:03:15]} 22. Bc2 {[%clk 00:01:16]} {[%emt 00:00:28]} Na5 {[%clk 00:14:38]}
{[%emt 00:02:49]} 23. b3 {[%clk 00:00:35]} {[%emt 00:01:12]} Rfd8 {[%clk
00:13:57]} {[%emt 00:01:11]} 24. Rac1 {[%clk 00:00:43]} {[%emt 00:00:22]} Bc6
{[%clk 00:12:26]} {[%emt 00:02:01]} 25. Nxg7 {[%clk 00:01:05]} {[%emt
00:00:09]} Kxg7 {[%clk 00:12:46]} {[%emt 00:00:09]} 26. Qe2 {[%clk 00:00:39]}
{[%emt 00:00:55]} Ne6 {[%clk 00:11:54]} {[%emt 00:01:22]} 27. Qxg4+ {[%clk
00:00:39]} {[%emt 00:00:31]} Kh7 {[%clk 00:11:36]} {[%emt 00:00:48]} 28. Qf5+
{[%clk 00:00:50]} {[%emt 00:00:19]} Kh8 {[%clk 00:11:31]} {[%emt 00:00:34]} 29.
Rxd6 {[%clk 00:00:32]} {[%emt 00:00:50]} Rxd6 {[%clk 00:10:56]} {[%emt
00:01:04]} 30. Bxe5+ {[%clk 00:01:00]} {[%emt 00:00:02]} Kg8 {[%clk 00:10:01]}
{[%emt 00:01:25]} 31. Bxd6 {[%clk 00:01:14]} {[%emt 00:00:16]} Qxd6 {[%clk
00:10:25]} {[%emt 00:00:06]} 32. e5 {[%clk 00:01:29]} {[%emt 00:00:15]} Qd2
{[%clk 00:10:14]} {[%emt 00:00:40]} 33. Rd1 {[%clk 00:00:55]} {[%emt 00:01:04]}
Qxc3 {[%clk 00:10:15]} {[%emt 00:00:29]} 34. Qh7+ {[%clk 00:01:14]} {[%emt
00:00:12]} Kf8 {[%clk 00:10:43]} {[%emt 00:00:01]} 35. Qh8+ {[%clk 00:01:14]}
{[%emt 00:00:29]} Ke7 {[%clk 00:11:12]} {[%emt 00:00:01]} 36. Qxc8 {[%clk
00:01:04]} {[%emt 00:00:41]} Qxe5 {[%clk 00:11:24]} {[%emt 00:00:18]} 37. Qg8
{[%clk 00:01:04]} {[%emt 00:00:28]} Nd4 {[%clk 00:10:23]} {[%emt 00:01:32]} 38.
Bd3 {[%clk 00:00:34]} {[%emt 00:01:01]} Qh5 {[%clk 00:09:56]} {[%emt 00:00:57]}
39. f3 {[%clk 00:00:33]} {[%emt 00:00:33]} Qxh4 {[%clk 00:09:00]} {[%emt
00:01:24]} 40. Qg7 {[%clk 00:00:32]} {[%emt 00:00:30]} Ne6 {[%clk 00:08:54]}
{[%emt 00:00:36]} 41. Qe5 {[%clk 00:18:01]} {[%emt 00:13:01]} f6 {[%clk
00:38:48]} {[%emt 00:00:36]} 42. Qe3 {[%clk 00:18:07]} {[%emt 00:00:24]} Kf7
{[%clk 00:38:03]} {[%emt 00:01:14]} 43. Bg6+ {[%clk 00:15:46]} {[%emt
00:02:52]} Kxg6 {[%clk 00:38:19]} {[%emt 00:00:14]} 44. Qxe6 {[%clk 00:16:09]}
{[%emt 00:00:08]} 1-0